| 000 | 00830nam a22002777a 4500 | ||
|---|---|---|---|
| 003 | CHAP | ||
| 005 | 20220817041349.0 | ||
| 008 | 971013s1979 r 00010 d | ||
| 010 | _a12275 | ||
| 011 | _a13247 | ||
| 035 | _a17318 | ||
| 040 | _cCHAP | ||
| 082 |
_a636.5 _bG53Y |
||
| 100 | 0 | 0 |
_aGiavarini, I. _947850 |
| 245 | _aNotas prácticas de avicultura moderna | ||
| 260 |
_aMéxico, D.F. : _bA.G.T., _c1979 |
||
| 300 |
_a159 p. _b: ilus. |
||
| 590 |
_aBATCH-UPD _b10 _c20130110 _lUCH01 _h0329 |
||
| 590 |
_aBATCH-UPD _b10 _c20130110 _lUCH01 _h2030 |
||
| 590 |
_aCONVERSION _b10 _c20130109 _lUCH01 _h1308 |
||
| 650 | 1 | 4 | _aAvicultura. |
| 901 | _aBK | ||
| 942 | _cLIBRO | ||
| 949 |
_a636.5 G53Y _bBC _cLIBRO _d33724000101978 _eLIBRO _fc.2 _h57193 _i17318 _si |
||
| 949 |
_a636.5 G53Y _bBC _cLIBRO _d33724000101994 _eLIBRO _h57192 _i17318 _si |
||
| 999 |
_c12275 _d12275 |
||